[Event "TCh-ROU w 2013"]
[Site "Mamaia ROU"]
[Date "2013.09.02"]
[Round "3.2"]
[White "Chirita,A"]
[Black "Bulmaga,I"]
[Result "0-1"]
[WhiteElo "2024"]
[BlackElo "2410"]

1.d4 Nf6 2.Nf3 e6 3.c4 b6 4.g3 Ba6 5.Qc2 Bb4+ 6.Bd2 Bxd2+ 7.Nbxd2 d5 8.Bg2 O-O
9.O-O Bb7 10.Ne5 Nbd7 11.Nxd7 Qxd7 12.Rac1 Rac8 13.c5 c6 14.Nf3 Qc7 15.Qa4 Nd7
16.b4 h6 17.Rc2 b5 18.Qb3 a5 19.a4 bxa4 20.Qxa4 Ra8 21.Rb1 Ba6 22.bxa5 Bb5
23.Qb4 Rxa5 24.Bf1 Ra4 25.Qd2 e5 26.e3 Bxf1 27.Kxf1 e4 28.Nh4 Nf6 29.Rcb2 Qd7
30.Qd1 Ra3 31.Kg1 g5 32.Ng2 Qh3 33.f3 exf3 34.Qxf3 Ng4 35.Ne1 Rxe3 36.Qf5 Rfe8
37.Nf3 Re2  0-1

[Event "TCh-SRB 1st League w 2013"]
[Site "Kragujevac SRB"]
[Date "2013.09.03"]
[Round "11.6"]
[White "Vuckovic,J"]
[Black "Tomin,Ks"]
[Result "1/2-1/2"]
[WhiteElo "1868"]
[BlackElo "1926"]

1.d4 Nf6 2.c4 e6 3.Nf3 b6 4.g3 Ba6 5.Qa4 Be7 6.Bg2 Bb7 7.Nc3 O-O 8.O-O c5
9.dxc5 bxc5 10.Rd1 d6 11.Bf4 Qb6 12.Qb5 Qc7 13.Rd2 a6 14.Qa4 Nc6 15.Rad1 Rfd8
16.h3 h6 17.g4 e5 18.Bg3 Nd4 19.Ne1 Rab8 20.e3 Bxg2 21.Kxg2 Qb7+ 22.f3 Ne6
23.Qc2 Nc7 24.Kh2 Bf8 25.Bxe5 Nce8 26.Bg3 Rd7 27.Qd3 Rbd8 28.e4 Nc7 29.Qe3 Ne6
30.b3 Be7 31.Nc2 Nc7 32.Ne1 Qc8 33.Nc2 Nh7 34.Nd5 Nxd5 35.Rxd5 Nf8 36.f4 Ne6
37.Qf3 Nc7 38.R5d3 Bf8 39.Ne3 Ne6 40.Nc2 Nc7 41.Qf2 Be7 42.Qd2 Qa8 43.Qe2 Qc6
44.Qf3 Ne6 45.Kg2  1/2-1/2

[Event "Nordeste IM 2013"]
[Site "Natal BRA"]
[Date "2013.09.03"]
[Round "7.4"]
[White "Pinto,C"]
[Black "Zallio,L"]
[Result "0-1"]
[WhiteElo "2075"]
[BlackElo "2120"]

1.d4 e6 2.c4 Nf6 3.Nf3 b6 4.g3 Ba6 5.Qa4 Bb7 6.Bg2 c5 7.dxc5 Bxc5 8.O-O O-O
9.Nc3 Be7 10.Bf4 Na6 11.Nb5 Nc5 12.Qc2 a6 13.Nd6 Bc6 14.b4 Nce4 15.Rfd1 Nxd6
16.Bxd6 Bxd6 17.Rxd6 Qe7 18.Rad1 Ne8 19.R6d4 Qxb4 20.Ng5 g6 21.Bxc6 dxc6
22.Ne4 e5 23.c5 exd4  0-1

[Event "12th Izmir Open"]
[Site "Izmir TUR"]
[Date "2013.09.04"]
[Round "9.6"]
[White "Rozum,I"]
[Black "Morchiashvili,B"]
[Result "1-0"]
[WhiteElo "2525"]
[BlackElo "2358"]

1.d4 Nf6 2.c4 e6 3.Nf3 b6 4.g3 Ba6 5.b3 Bb4+ 6.Bd2 Be7 7.Nc3 O-O 8.e4 d5
9.cxd5 Bxf1 10.Kxf1 exd5 11.e5 Ne4 12.Kg2 c5 13.Re1 Nc6 14.Rc1 Rc8 15.dxc5 Nxc3
16.Bxc3 bxc5 17.Qe2 Qd7 18.e6 Qxe6 19.Qxe6 fxe6 20.Rxe6 Rfd8 21.b4 cxb4 22.Bb2 Bd6
23.Nd4 Nxd4 24.Rxd6 Ne2 25.Rxc8 Rxc8 26.Be5 d4 27.Rd7 Rc2 28.Rxg7+ Kf8 29.Rxa7 Ke8
30.Bd6 Nc3 31.Bxb4 Nxa2 32.Re7+ Kd8 33.Re4 d3 34.Be7+ Kc7 35.Rd4 Rc3 36.Bg5 Kc6
37.Bd2 Rb3 38.Kf3 Kc5 39.Ke3 Nc1 40.Rd8 Ne2 41.Rxd3 Nd4 42.Rxb3 Nxb3 43.Bc3 Kd5
44.f4 Ke6 45.g4 Nc5 46.f5+ Kf7 47.Bd4 Nd7 48.h4 Nb8 49.Ke4 Nc6 50.Bc3 Ne7
51.g5 Nc6 52.h5 Ne7 53.Bb2 Nc8 54.g6+ Kg8 55.f6 hxg6 56.hxg6 Ne7 57.f7+ Kf8
58.Ba3  1-0

[Event "Nordeste IM 2013"]
[Site "Natal BRA"]
[Date "2013.09.05"]
[Round "9.5"]
[White "Santiago,Y"]
[Black "Zallio,L"]
[Result "1-0"]
[WhiteElo "2422"]
[BlackElo "2120"]

1.Nf3 Nf6 2.c4 b6 3.d4 e6 4.g3 Ba6 5.Qc2 c5 6.Bg2 Bb7 7.d5 exd5 8.cxd5 Bxd5
9.Nc3 Bc6 10.Bg5 Be7 11.e4 O-O 12.O-O-O Na6 13.e5 Nb4 14.exf6 gxf6 15.Qf5 fxg5
16.a3 Na6 17.h4 h6 18.Nd5 Bxd5 19.Rxd5 d6 20.Nxg5 Bxg5+ 21.hxg5 Qc8 22.Qf6 Qe6
23.Rxh6 Qxf6 24.gxf6  1-0

[Event "6th Sabadell Open"]
[Site "Sabadell ESP"]
[Date "2013.09.05"]
[Round "4.9"]
[White "Valencia Jimenez,J"]
[Black "Salagran Ferragut,G"]
[Result "1/2-1/2"]
[WhiteElo "2126"]
[BlackElo "1995"]

1.d4 Nf6 2.c4 e6 3.Nf3 b6 4.g3 Ba6 5.Qc2 Bb4+ 6.Bd2 Be7 7.Bg2 c6 8.c5 O-O
9.b4 d5 10.Nc3 Nfd7 11.Bf4 Bf6 12.Bd6 Re8 13.O-O bxc5 14.bxc5 e5 15.dxe5 Nxe5
16.Nxe5 Bxe5 17.Bxe5 Rxe5 18.Rfd1 Qe7 19.e4 Qxc5 20.Qd2 Nd7 21.exd5 cxd5
22.Nxd5 Re2 23.Qf4 Rae8 24.Rac1 Qa5 25.Ne3 Nf6 26.Bc6 Rf8 27.Nf5 Re5 28.Nd4 Rc5
29.Rxc5 Qxc5 30.Nf5 Bc8 31.Nh6+ Kh8 32.Bf3 Be6 33.a4 Qc2 34.Qd6 Re8 35.Bc6 Ne4
36.Bxe4 Qxe4 37.Qe7 Qa8 38.Nxf7+ Kg8 39.Rd8 Qxd8 40.Qxd8 Rxd8 41.Nxd8 Bd7
42.a5 Kf8 43.f4 Ke7 44.Nb7 Bc6 45.Nc5 Kd6 46.Nd3 Be4 47.Ne5 Kc5 48.Kf2 Kb5
49.Ke3 Bb1 50.g4 Kxa5 51.Kd4 Kb5 52.Nc4 Kb4 53.f5 a5 54.Nxa5  1/2-1/2

[Event "12th Kesarovski Mem"]
[Site "Sunny Beach BUL"]
[Date "2013.09.06"]
[Round "7.15"]
[White "Zakharchenko,A"]
[Black "Yakimenko,Alex"]
[Result "1-0"]
[WhiteElo "2179"]
[BlackElo "2199"]

1.d4 e6 2.c4 Nf6 3.Nf3 b6 4.g3 Ba6 5.Qa4 Be7 6.Bg2 O-O 7.O-O d5 8.cxd5 exd5
9.Nc3 Bb7 10.Bf4 Nh5 11.Be3 Qe8 12.Qxe8 Rxe8 13.Ne5 c6 14.Rac1 Bd6 15.Nd3 Na6
16.Bf3 Nf6 17.Bf4 Bxf4 18.Nxf4 Nc7 19.Rfd1 Rad8 20.e3 Ne6 21.Nd3 Ng5 22.Be2 Nge4
23.Nxe4 Nxe4 24.Nb4 Rd6 25.Ba6 Ba8 26.Nd3 Rb8 27.a4 Rf6 28.b4 Rd8 29.b5 c5
30.dxc5 bxc5 31.Nxc5 Nxf2 32.Rd4 Nh3+ 33.Kg2 Ng5 34.Nd7 Rd6 35.Ne5 Ne6 36.Nc6 R8d7
37.Ne5 Rc7 38.Rdd1 f6 39.Rxc7 Nxc7 40.Rc1 d4+ 41.Kf2 fxe5 42.Rxc7 d3 43.b6 d2
44.Be2 axb6 45.Rc8+ Kf7 46.Rxa8 d1=Q 47.Bxd1 Rxd1 48.Kf3 Ra1 49.Ra6 Ra2 50.h4 h6
51.h5 Ra3 52.Ke4 Rb3 53.g4 Rb4+ 54.Kf5 b5 55.Ra7+ Kg8 56.a5 Rc4 57.Rb7 Ra4
58.Rxb5 Kh7 59.Rxe5  1-0

[Event "Chepukaitis Mem Blitz Prelim 2013"]
[Site "St Petersburg RUS"]
[Date "2013.09.07"]
[Round "8.8"]
[White "Valov,I"]
[Black "Zenzera,A"]
[Result "0-1"]
[WhiteElo "2216"]
[BlackElo "2428"]

1.d4 Nf6 2.Nf3 e6 3.c4 b6 4.g3 Ba6 5.Qa4 Bb7 6.Bg2 Be7 7.O-O O-O 8.Nc3 c5
9.dxc5 bxc5 10.Bf4 Qb6 11.Qb5 d5 12.Ne5 Nc6 13.Qxb6 axb6 14.cxd5 Nxe5 15.Bxe5 Nxd5
16.Rfd1 Nxc3 17.Bxc3 Bxg2 18.Kxg2 Rfd8 19.Rxd8+ Rxd8 20.b3 Bf6 21.Rc1 Bxc3
22.Rxc3 g6 23.Rd3 Rxd3 24.exd3 Kf8 25.Kf3 Ke7 26.Ke3 e5 27.f4 Ke6 28.Ke4 f5+
29.Ke3 h6 30.h4 Kd5 31.a3 Ke6 32.Kf3 Kf6 33.Ke3 g5 34.hxg5+ hxg5 35.fxg5+ Kxg5
36.Kf3 Kf6 37.Ke3 Ke6 38.Kf3 Kd6 39.Ke3 Kd5 40.Ke2 f4 41.g4 Ke6 42.Kf3 Kf6
43.Ke4 Kg5  0-1

[Event "Chepukaitis Mem Blitz Prelim 2013"]
[Site "St Petersburg RUS"]
[Date "2013.09.07"]
[Round "9.4"]
[White "Goganov,A"]
[Black "Yemelin,V"]
[Result "1/2-1/2"]
[WhiteElo "2577"]
[BlackElo "2559"]

1.d4 Nf6 2.c4 e6 3.Nf3 b6 4.g3 Ba6 5.b3 Bb4+ 6.Bd2 Be7 7.Bg2 O-O 8.O-O d5
9.cxd5 exd5 10.Nc3 Bb7 11.Bf4 Na6 12.Ne5 c6 13.Rc1 Ba3 14.Rc2 Nb4 15.Rd2 Na6
16.Bg5 Re8 17.e4 Nc7 18.exd5 cxd5 19.Qf3 Be7 20.Re1 h6 21.Bxf6 Bxf6 22.Rdd1 Rb8
23.Qh5 Re7 24.Re3 Qd6 25.Rde1 Rf8 26.Ne2 Bxe5 27.dxe5 Qc5 28.Rc1 Qa3 29.Rd1 Ne6
30.Bxd5 Rd8 31.Red3 Bxd5 32.Rxd5 Rxd5 33.Rxd5 Qxa2 34.Qf3 Qb1+ 35.Kg2 Kh7
36.h4 Rc7 37.Nd4 Nxd4 38.Rxd4 Re7  1/2-1/2

[Event "TCh-SUI 2013"]
[Site "Switzerland SUI"]
[Date "2013.09.07"]
[Round "6.3"]
[White "Miralles,G"]
[Black "Klauser,M"]
[Result "1/2-1/2"]
[WhiteElo "2472"]
[BlackElo "2360"]

1.d4 Nf6 2.c4 e6 3.Nf3 b6 4.g3 Ba6 5.b3 b5 6.Bg2 bxc4 7.Ne5 Bb4+ 8.Kf1 d5
9.bxc4 O-O 10.Qa4 Be7 11.Nc3 c6 12.Be3 Nfd7 13.Nxd7 Qxd7 14.c5 Bc4 15.Bh3 Bf6
16.f4 Na6 17.Ne4 dxe4 18.Qxc4 Nc7 19.Bg2 Nd5 20.Kf2 Rfd8 21.Rad1 Rab8 22.a3 Nxe3  1/2-1/2

[Event "TCh-CRO Ia Liga 2013"]
[Site "Bol CRO"]
[Date "2013.09.14"]
[Round "1.4"]
[White "Kozul,Z"]
[Black "Sax,G"]
[Result "1-0"]
[WhiteElo "2601"]
[BlackElo "2436"]

1.d4 Nf6 2.Nf3 e6 3.c4 b6 4.g3 Ba6 5.Qc2 c6 6.Bg5 h6 7.Bxf6 Qxf6 8.Nbd2 Bb4
9.c5 d5 10.cxd6 Bxd6 11.e4 Bxf1 12.Kxf1 Bb4 13.Kg2 Bxd2 14.Qxd2 O-O 15.Rac1 Qe7
16.Qf4 Qb4 17.b3 Qa3 18.Rc2 Na6 19.Ne5 Nb4 20.Nc4 Qa6 21.Rd2 Rad8 22.Rhd1 b5
23.Ne5 Qa3 24.h4 a5 25.g4 a4 26.bxa4 Qxa4 27.g5 h5 28.Qf3 g6 29.Rc1 Qa7 30.a3  1-0

[Event "TCh-CRO 2a Liga 2013"]
[Site "Bol CRO"]
[Date "2013.09.14"]
[Round "1.4"]
[White "Dvirnyy,D"]
[Black "Kovacevic,A"]
[Result "0-1"]
[WhiteElo "2554"]
[BlackElo "2564"]

1.d4 Nf6 2.c4 e6 3.Nf3 b6 4.g3 Ba6 5.Qa4 Bb7 6.Bg2 c5 7.dxc5 Bxc5 8.Nc3 O-O
9.O-O Be7 10.Rd1 Na6 11.Bf4 Nc5 12.Qc2 Qc8 13.Rac1 Nce4 14.Nxe4 Bxe4 15.Qa4 Qb7
16.Bd6 Bxd6 17.Rxd6 Rfc8 18.Rcd1 Rc5 19.Ne1 Rac8 20.Rxd7 Nxd7 21.Rxd7 Qc6
22.Qxc6 Bxc6 23.Rxa7 Rxc4 24.Nd3 Ra4 25.Rxa4 Bxa4  0-1

[Event "33rd Munich OIS Open 2013"]
[Site "Munich GER"]
[Date "2013.09.28"]
[Round "1.6"]
[White "Jorczik,J"]
[Black "Strecker,G"]
[Result "1-0"]
[WhiteElo "2405"]
[BlackElo "2019"]

1.d4 Nf6 2.Nf3 e6 3.c4 b6 4.g3 Ba6 5.Qc2 Be7 6.e4 Bb7 7.Bd3 Na6 8.a3 c5 9.d5 d6
10.Nc3 e5 11.Rb1 Qd7 12.b4 O-O 13.h3 Ne8 14.g4 g6 15.Bh6 Ng7 16.Rg1 f6 17.h4 Rf7
18.Ke2 Re8 19.Be3 Kh8 20.Rg2 Bc8 21.bxc5 Nxc5 22.Rh1 f5 23.gxf5 gxf5 24.h5 fxe4
25.Nxe4 Nxd3 26.Qxd3 Qf5 27.Nfg5 Bxg5 28.Bxg5 Ref8 29.Nxd6 Qxd3+ 30.Kxd3 Rf3+
31.Ke2 Rxa3 32.Be7 Ra2+ 33.Ke3 Nf5+ 34.Nxf5 Rxf5 35.Rhg1 Ra3+ 36.Bxa3  1-0

[Event "St Petersburg Rapid Cup 2013"]
[Site "St Petersburg RUS"]
[Date "2013.09.28"]
[Round "1.1"]
[White "Savinov,L"]
[Black "Ivanov,Sergey1"]
[Result "0-1"]
[WhiteElo "2171"]
[BlackElo "2556"]

1.d4 e6 2.Nf3 Nf6 3.c4 b6 4.g3 Ba6 5.b3 d5 6.Bg2 Bb4+ 7.Bd2 Be7 8.O-O O-O
9.Nc3 c5 10.cxd5 exd5 11.dxc5 bxc5 12.Na4 Nbd7 13.Rc1 Re8 14.Re1 Ne4 15.Bf4 Ndf6
16.Nd2 Nxf2 17.Kxf2 g5 18.e3 gxf4 19.gxf4 Rc8 20.Bf3 Kh8 21.Rg1 Bd6 22.Bg4 Rc7
23.Qf3 Rce7 24.Rce1 Qa5 25.Qd1 Qxd2+ 26.Qxd2 Ne4+  0-1

[Event "Oslo Int Open 2013"]
[Site "Oslo NOR"]
[Date "2013.09.29"]
[Round "1"]
[White "Mirzoeva,E"]
[Black "Devereaux,M"]
[Result "1/2-1/2"]
[WhiteElo "2215"]
[BlackElo "2369"]

1.d4 Nf6 2.c4 e6 3.Nf3 b6 4.g3 Ba6 5.Qc2 c5 6.d5 exd5 7.cxd5 g6 8.Nc3 Bg7
9.Bf4 O-O 10.Bd6 Re8 11.O-O-O b5 12.Bxc5 d6 13.Bb4 Bb7 14.Nxb5 Na6 15.Bc3 Qb6
16.Nbd4 Bxd5 17.Bh3 Nc5 18.Nd2 Nfe4 19.Rhf1 Bxa2 20.Nxe4 Nxe4 21.Bd7 Nc5
22.Bxe8 Bxd4 23.Rxd4 Nb3+ 24.Kd1 Nxd4 25.Qe4 d5 26.Qxd4 Qxd4+ 27.Bxd4 Rxe8
28.Bxa7 Bc4 29.Re1 Ra8 30.Bd4 Ra4 31.e3 Ra1+ 32.Kd2 Rxe1 33.Kxe1 Kf8 34.Bc5+ Ke8
35.Kd2 Kd7 36.Kc3 Kc6 37.Kd4 Bb3 38.h4 h5 39.Be7 Kd7 40.Ba3 Kc6 41.Kc3 Bd1
42.Bf8 Bg4 43.b4 Be2 44.Kd4 Bd1 45.Bc5 Be2 46.Ke5 Bc4 47.Kf6 Kb5 48.Bd4 Kxb4
49.Kxf7 Bd3 50.Ke6 Be4 51.Ke5 Kb5 52.Kf4 Kc6 53.f3 Bc2 54.g4 hxg4 55.fxg4 Kd6
56.h5 gxh5 57.gxh5 Ke6 58.h6 Be4 59.Bc3  1/2-1/2

[Event "Grand Open Blagoevgrad 2013"]
[Site "Blagoevgrad BUL"]
[Date "2013.09.30"]
[Round "4.2"]
[White "Vasilev,M"]
[Black "Drenchev,P"]
[Result "1-0"]
[WhiteElo "2487"]
[BlackElo "2488"]

1.d4 Nf6 2.Nf3 e6 3.c4 b6 4.g3 Ba6 5.b3 d5 6.cxd5 exd5 7.Bg2 Bd6 8.O-O O-O
9.Nc3 Re8 10.Re1 Bb7 11.Bg5 Na6 12.Rc1 Ba3 13.Rc2 Be7 14.Ne5 h6 15.Bf4 Nb4
16.Rc1 a5 17.a3 Na6 18.Nb5 c5 19.Bh3 Bf8 20.Qd3 cxd4 21.Nc6 Bxc6 22.Rxc6 Nc5
23.Qxd4 Re4 24.Qd1 Rxf4 25.gxf4 Nfe4 26.Bg2 Qh4 27.Rf1 Qxf4 28.Qxd5 Re8 29.e3 Qh4
30.b4 Rd8 31.Qf5 axb4 32.axb4 Nd2 33.bxc5 Nxf1 34.Bxf1 bxc5 35.Rc7  1-0

[Event "23rd EYCC Open U16 2013"]
[Site "Budva MNE"]
[Date "2013.09.30"]
[Round "2.7"]
[White "Dankhazi,A"]
[Black "Zenzera,A"]
[Result "1/2-1/2"]
[WhiteElo "2171"]
[BlackElo "2428"]

1.Nf3 Nf6 2.c4 e6 3.d4 b6 4.g3 Ba6 5.b3 Bb7 6.Bg2 Bb4+ 7.Bd2 a5 8.O-O O-O
9.Qc2 Be4 10.Qb2 d5 11.a3 Be7 12.Nc3 Nbd7 13.Bg5 h6 14.Bxf6 Nxf6 15.Nxe4 Nxe4
16.Nd2 Nf6 17.b4 c6 18.c5 Nd7 19.e4 dxe4 20.Bxe4 bxc5 21.bxc5 Bf6 22.Qc3 e5
23.Bxc6 exd4 24.Qc1 Rc8 25.Bxd7 Qxd7 26.Ne4 Be7 27.Qc4 Kh8 28.Rac1 f5 29.Nd6 Bxd6
30.Qxd4 Rf6 31.cxd6 Rxc1 32.Rxc1 Rxd6 33.Qc5 Rd5 34.Qc8+ Qxc8 35.Rxc8+ Kh7
36.Rc3 g5 37.Kg2 g4 38.h3 h5 39.hxg4 hxg4 40.f3 Rd2+ 41.Kf1 gxf3 42.Rxf3 Kg6
43.Rf4 Kg5 44.Ra4 Rd5 45.Kf2 Re5 46.Kf3 Rb5 47.Kf2 Kf6 48.g4 fxg4  1/2-1/2

[Event "23rd EYCC Open U16 2013"]
[Site "Budva MNE"]
[Date "2013.10.01"]
[Round "3.8"]
[White "Dankhazi,A"]
[Black "Faizrakhmanov,Ramil"]
[Result "1/2-1/2"]
[WhiteElo "2171"]
[BlackElo "2343"]

1.d4 Nf6 2.c4 e6 3.Nf3 b6 4.g3 Ba6 5.b3 d5 6.cxd5 exd5 7.Bg2 Bd6 8.O-O O-O
9.Nc3 Re8 10.Re1 Nbd7 11.Bf4 Bxf4 12.gxf4 c6 13.Ne5 Rc8 14.e3 Nf8 15.b4 Bb7
16.Qb3 Ne6 17.a4 Ba8 18.Rad1 Qe7 19.b5 c5 20.dxc5 Nxc5 21.Qa2 Nfe4 22.Nxe4 dxe4
23.Rd4 Rc7 24.Red1 g6 25.Bh3 Kg7 26.Bd7 Rf8 27.Bc6 Bxc6 28.bxc6 Re8 29.Qd5 Rec8
30.Nd7 Rxc6 31.Nxc5 Rxc5 32.Qxe4 Qxe4 33.Rxe4 Rc1 34.Rxc1 Rxc1+ 35.Kg2 Rc5
36.Re7 Ra5 37.Re4 Kf6 38.Kg3 h5 39.Kf3 Rc5 40.Kg3 a6 41.Kf3 b5 42.axb5 axb5
43.Re8 Rc1 44.Rb8 Rb1 45.e4 b4 46.Rb6+ Kg7 47.h4 b3 48.Kg2 Kf8 49.Rb7 Ke8
50.f5 gxf5 51.exf5 f6 52.Rb6 b2 53.Rb7 Kd8 54.Rb8+ Kd7 55.Rb5 Kc6 56.Rb8 Kd5
57.Rb4 Ke5 58.Rb5+ Ke4 59.Rb6 Kxf5 60.Rb5+ Ke4 61.Rb8 f5 62.Re8+ Kf4 63.Rb8 Ke4
64.Re8+ Kd5 65.Rd8+ Kc5 66.Rc8+ Kb6 67.Rb8+ Kc6 68.Rb4 Kd6 69.Rb8 Kc6 70.Rb4 Kd5
71.Rb8 Ke4 72.Rb4+ Kd3 73.Rb8 f4 74.Kf3 Kc3 75.Rc8+ Kd2 76.Rb8 Ke1 77.Kg2 Ke2
78.Re8+ Kd3 79.Rb8 Kd4 80.Rd8+ Ke5 81.Rb8 Kf5 82.Kf3 Ke5 83.Rb7 Kd5 84.Kxf4 Kc6
85.Rb8 Kd5 86.Kf3 Kd4 87.Kg2 Kc3 88.Rc8+ Kd3 89.Rb8 Ke4  1/2-1/2

[Event "Tatry Open 2013"]
[Site "Tatranske Zruby SVK"]
[Date "2013.10.06"]
[Round "9.5"]
[White "Skreno,V"]
[Black "Repka,C"]
[Result "0-1"]
[WhiteElo "2195"]
[BlackElo "2378"]

1.d4 e6 2.Nf3 Nf6 3.c4 b6 4.g3 Ba6 5.Qc2 Bb7 6.Bg2 c5 7.O-O Nc6 8.dxc5 Bxc5
9.Nc3 O-O 10.Bg5 h6 11.Bxf6 Qxf6 12.Rac1 Qe7 13.Rfd1 f5 14.a3 Rad8 15.Nb5 a6
16.Nbd4 Qf6 17.Nxc6 Bxc6 18.b4 Be7 19.Qc3 Ba4 20.Qxf6 Bxf6 21.Rd6 Rb8 22.c5 Rfc8
23.Bf1 Be7 24.Rd3 bxc5 25.Rdc3 d6 26.bxc5 Rxc5 27.Rxc5 dxc5 28.Ne5 Rb2 29.e3 Bb5
30.Nd3 Rb3 31.a4 Bxd3  0-1

[Event "23rd EYCC Open U16 2013"]
[Site "Budva MNE"]
[Date "2013.10.08"]
[Round "9.18"]
[White "Kumsiashvili,N"]
[Black "Martins,Dav"]
[Result "1/2-1/2"]
[WhiteElo "2130"]
[BlackElo "2171"]

1.d4 e6 2.c4 Nf6 3.Nf3 b6 4.g3 Ba6 5.Qc2 c6 6.Bg2 d5 7.b3 Bb4+ 8.Bd2 Be7
9.O-O Nbd7 10.Bf4 Rc8 11.Nbd2 c5 12.dxc5 Nxc5 13.Qb2 O-O 14.Rac1 Nce4 15.Nxe4 Nxe4
16.Rfd1 Bc5 17.e3 Qe7 18.cxd5 Ba3 19.d6 Qxd6 20.Bxd6 Bxb2 21.Bxf8 Bxc1 22.Bb4 Be2
23.Re1 Bxf3 24.Bxf3 Bd2 25.Bxe4 Bxb4 26.Rd1 g6 27.Bd3 Rd8 28.Be2 Rxd1+ 29.Bxd1 Kg7
30.Kg2 Kf6 31.f4 e5 32.Kf3 exf4 33.exf4 Ke6 34.Be2 f5 35.Bc4+ Kf6 36.Bb5 Bc5
37.Bc4 Bb4 38.Bb5 Bc5 39.Bc4 Bb4 40.Bb5 Bc5 41.Bc4 Bb4  1/2-1/2

[Event "TCh-FIN SM 2013-14"]
[Site "Oulu FIN"]
[Date "2013.10.12"]
[Round "3.7"]
[White "Nieminen,S"]
[Black "Saastamoinen,A"]
[Result "1/2-1/2"]
[WhiteElo "2094"]
[BlackElo "2107"]

1.d4 Nf6 2.c4 e6 3.Nf3 b6 4.g3 Ba6 5.Qc2 Bb7 6.Bg2 d6 7.Nc3 Nbd7 8.e4 e5
9.O-O c6 10.h3 g6 11.Be3 Bg7 12.Rfd1 Qe7 13.b4 O-O 14.d5 cxd5 15.cxd5 Rfc8
16.Nd2 Ne8 17.Qb3 f5 18.Rac1 Qf8 19.exf5 gxf5 20.f4 Kh8 21.Nf3 Nc7 22.Ng5 exf4
23.gxf4 Nf6 24.Ne2 Qg8 25.Rxc7 Rxc7 26.Ne6 Re7 27.Bd4 Rxe6 28.dxe6 Bxg2 29.Kxg2 Ne4
30.Kh2 Bxd4 31.Nxd4 Qg6 32.Rg1 Qf6 33.Qd5 Re8 34.Nxf5 Qxe6 35.Qxe6 Rxe6 36.Rc1 Re8
37.Nd4 Nf6 38.Nb5 Re2+ 39.Kg3 Rxa2 40.Nxd6 Nd5 41.b5 a6 42.bxa6 Rxa6 43.f5 Kg7
44.Ne4 Ra3+ 45.Kf2 Ra2+ 46.Kf3 Ra3+ 47.Kf2  1/2-1/2

[Event "TCh-Belgrade Premier liga 2013"]
[Site "Belgrade SRB"]
[Date "2013.10.13"]
[Round "2.2"]
[White "Jovanovic,Zo1 SCG"]
[Black "Nenezic,M"]
[Result "1/2-1/2"]
[WhiteElo "2338"]
[BlackElo "2407"]

1.d4 Nf6 2.c4 e6 3.Nf3 b6 4.g3 Ba6 5.b3 Bb4+ 6.Bd2 Be7 7.Bg2 c6 8.O-O d5
9.Ne5 Nfd7 10.Nxd7 Nxd7 11.Bc3 O-O 12.Nd2 b5 13.Re1 Rc8 14.c5 e5 15.b4 e4
16.f4 f5 17.e3  1/2-1/2

[Event "3rd Central Asia Cup"]
[Site "Dushanbe TJK"]
[Date "2013.10.14"]
[Round "3.14"]
[White "Kurbonboeva,Sarvinoz"]
[Black "Antonova,N"]
[Result "1-0"]
[WhiteElo "2139"]
[BlackElo "1944"]

1.d4 Nf6 2.c4 e6 3.Nf3 b6 4.g3 Ba6 5.Qa4 Bb7 6.Bg2 c5 7.dxc5 Bxc5 8.O-O O-O
9.Nc3 Be7 10.Bf4 d6 11.Rfd1 Nh5 12.Bxd6 Bxd6 13.Nb5 Bc6 14.Ne1 Bxg2 15.Nxg2 Qe7
16.Nxd6 Nf6 17.Rd2 Nbd7 18.Rad1 Nc5 19.Qc2 h6 20.Nf4 Nb7 21.Ne4 Rfd8 22.a3 Rxd2
23.Rxd2 Rc8 24.Nxf6+ Qxf6 25.Qe4 Na5 26.Rc2 Qd8 27.Nd3 Nb3 28.Rc3 Nd4 29.Ne5 f6
30.Nf3 Nxf3+ 31.Rxf3 Qd1+ 32.Kg2 Qd6 33.b3 Rc5 34.Rd3 Qe7 35.Rd4 Re5 36.Qd3 f5
37.b4 Qb7+ 38.Kg1 Re4 39.Rd8+ Kh7 40.f3 Re5 41.Rd7 Qc6 42.Qd4 Kg6 43.Rxa7 b5
44.Qxe5 Qb6+ 45.Qc5  1-0

[Event "3rd Central Asia Cup"]
[Site "Dushanbe TJK"]
[Date "2013.10.14"]
[Round "3.12"]
[White "Jumaev,O"]
[Black "Karimov,Alisher"]
[Result "1-0"]
[WhiteElo "2167"]
[BlackElo "2057"]

1.d4 Nf6 2.c4 e6 3.Nf3 b6 4.g3 Ba6 5.Nbd2 Bb4 6.Qc2 Bb7 7.Bg2 Be4 8.Qd1 O-O
9.O-O Bxd2 10.Bxd2 d6 11.b4 Nbd7 12.Bc3 Qe7 13.b5 a5 14.Rc1 Nh5 15.d5 Nhf6
16.Nd4 Bxg2 17.Nc6 Qe8 18.Kxg2 e5 19.Qc2 Nc5 20.h3 Nfe4 21.Ba1 Qd7 22.f3 Ng5
23.g4 f6 24.h4 Nf7 25.e4 Rae8 26.Rh1 Nh8 27.Bc3 Ng6 28.Bd2 Qf7 29.Rcd1 Ne7
30.Be3 Nd7 31.Rh3 Nb8 32.Rg3 Kh8 33.Qd2 Kg8 34.Rf1 Kh8 35.Qc2 Kg8 36.h5 h6
37.f4 Nbxc6 38.bxc6 exf4 39.Rxf4 Nc8 40.a4 Qe7 41.Bd4 Qd8 42.Rgf3 Qe7 43.Bc3 Qd8
44.Qd3 Qe7 45.Kg3 Qd8 46.Qd4 Qe7 47.Kf2 Qe5 48.Qd1 Qe7 49.Qd3 Qd8 50.Ke3 Qe7
51.Kd2 Qd8 52.Kc2 Qe7 53.Kb3 Qd8 54.Re3 Qe7 55.Rf5 Qd8 56.Qd4 Qe7 57.Re1 Kh7
58.Rff1 Kg8 59.Qf2 Kh8 60.Qf5 Kg8 61.Qg6 Qd8 62.Rxf6 Qe7 63.Rf5 Rf7 64.g5 hxg5
65.h6 Ref8 66.hxg7 Rxg7 67.Rxf8+ Kxf8 68.Bxg7+ Qxg7 69.Rf1+ Kg8 70.Qe6+  1-0

[Event "Indonesia Open 2013"]
[Site "Jakarta INA"]
[Date "2013.10.16"]
[Round "10.27"]
[White "Panggabean,H"]
[Black "Nolte,R"]
[Result "0-1"]
[WhiteElo "2190"]
[BlackElo "2447"]

1.d4 Nf6 2.Nf3 b6 3.c4 e6 4.g3 Ba6 5.Qa4 Bb7 6.Bg2 c5 7.O-O cxd4 8.Nxd4 Bxg2
9.Kxg2 Be7 10.Nc3 O-O 11.Bf4 Qc8 12.f3 Qb7 13.e4 Nh5 14.Be3 d6 15.Rad1 a6
16.Rf2 Rc8 17.Rfd2 Nf6 18.Nde2 Ne8 19.Rc1 Nd7 20.Nd1 Rc6 21.Nf2 Rac8 22.Rdc2 Ne5
23.b3 h6 24.Nd4 R6c7 25.Bd2 Nf6 26.Bb4 Nfd7 27.f4 Nc6 28.Nxc6 Rxc6 29.Qa3 Nc5
30.Re2 R6c7 31.Kg1 b5 32.Bxc5 Rxc5 33.Rec2 d5 34.exd5 Rxc4 35.Rxc4 Rxc4 36.Qb2 Rxc1+
37.Qxc1 Qxd5 38.Qc8+ Kh7 39.Qc2+ f5 40.Nd3 Bf6 41.h3 Qf3 42.Kh2 Bd4 43.a3 a5
44.Qd2 Qf1  0-1

[Event "Indonesia Open 2013"]
[Site "Jakarta INA"]
[Date "2013.10.16"]
[Round "10.23"]
[White "Ardiansyah,H"]
[Black "Medina,W"]
[Result "1-0"]
[WhiteElo "2368"]
[BlackElo "2319"]

1.d4 Nf6 2.c4 e6 3.Nf3 b6 4.g3 Ba6 5.b3 Bb4+ 6.Bd2 Bxd2+ 7.Nbxd2 c6 8.Bg2 d5
9.Qc2 Nbd7 10.e4 dxe4 11.Nxe4 O-O 12.O-O Qc7 13.Rfe1 Rad8 14.Nc3 c5 15.Rad1 h6
16.a4 Rfe8 17.Nb5 Bxb5 18.axb5 Nb8 19.dxc5 Qxc5 20.Ra1 e5 21.b4 Qxb4 22.Rxe5 Rxe5
23.Nxe5 Rd2 24.Qf5 Nbd7 25.Nxd7 Rxd7 26.Qf4 Qc3 27.Rc1 Qb4 28.Bh3 Re7 29.Bf1 Rd7
30.Ra1 Qe7 31.Qb8+ Kh7 32.Bg2 Qe2 33.Bf1 Qe7 34.Bg2 Qe2 35.Bc6 Rd2 36.Qf4 Rd1+
37.Rxd1 Qxd1+ 38.Kg2 Qd3 39.Qc7 Qxc4 40.Qxa7 Nd5 41.h3 h5 42.Qb7 Nc3 43.Qxb6 h4
44.gxh4 Nd5 45.Bxd5 Qxd5+ 46.Kg1 Qd1+ 47.Kh2 Qa4 48.Qc5 Qf4+ 49.Kg1 Qxh4
50.Qf5+ Kg8 51.b6 Qb4 52.Qc8+ Kh7 53.Qc6 f5 54.b7 f4 55.Kg2 Qb1 56.Qd5 f3+
57.Qxf3 Qb5 58.Qe4+ Kh6 59.Qf4+ g5  1-0

[Event "TCh-Belgrade Premier liga 2013"]
[Site "Belgrade SRB"]
[Date "2013.10.17"]
[Round "6.1"]
[White "Pantovic,D"]
[Black "Govedarica,R"]
[Result "0-1"]
[WhiteElo "2156"]
[BlackElo "2419"]

1.d4 Nf6 2.Nf3 e6 3.c4 b6 4.g3 Ba6 5.Nbd2 Bb7 6.Bg2 c5 7.e4 cxd4 8.Nxd4 Bc5
9.N4b3 Be7 10.a4 e5 11.a5 Nc6 12.axb6 axb6 13.Rxa8 Qxa8 14.O-O Qa4 15.Nb1 Qxc4
16.Nc3 Na5 17.Nxa5 bxa5 18.Bg5 Bc6 19.Qa1 Qb4 20.Rd1 O-O 21.Bxf6 Bxf6 22.Nd5 Bxd5
23.Rxd5 Bd8 24.Rxe5 Bb6 25.Rf5 g6 26.Rf3 Bd4 27.Qd1 Qxb2 28.Bh3 Rc8 29.Qa4 Rc2  0-1

[Event "3rd Central Asia Cup"]
[Site "Dushanbe TJK"]
[Date "2013.10.18"]
[Round "7.13"]
[White "Saydaliev,Saidakbar"]
[Black "Karimov,Alisher"]
[Result "0-1"]
[WhiteElo "2024"]
[BlackElo "2057"]

1.d4 Nf6 2.c4 e6 3.Nf3 b6 4.g3 Ba6 5.b3 Bb4+ 6.Bd2 Be7 7.Bg2 c6 8.O-O d5
9.Qc2 O-O 10.Rd1 Nbd7 11.Bg5 Rc8 12.Nbd2 c5 13.dxc5 Bxc5 14.Qb2 dxc4 15.Nxc4 Bxc4
16.bxc4 h6 17.Rxd7 Qxd7 18.Bxf6 gxf6 19.Qxf6 Rfd8 20.Qxh6 Bf8 21.Qf4 Bg7
22.Rc1 Qd6 23.Qe4 Qa3 24.Qb1 b5 25.h4 Rxc4 26.Rf1 Qb2 27.Ng5 Qxb1 28.Rxb1 b4
29.Be4 Rdc8 30.Bd3 Rc1+ 31.Rxc1 Rxc1+ 32.Kg2 a5 33.Ne4 a4 34.Nd2 Ra1 35.Bc4 Rd1
36.Ne4 Rc1 37.Bd3 b3 38.a3 Ra1 39.Nd2 Rxa3 40.Nb1 Ra1  0-1

[Event "17th Unive Open 2013"]
[Site "Hoogeveen NED"]
[Date "2013.10.22"]
[Round "5.27"]
[White "Van Foreest,Lucas"]
[Black "Ritsema,R"]
[Result "1-0"]
[WhiteElo "2122"]
[BlackElo "2012"]

1.d4 Nf6 2.c4 e6 3.Nf3 b6 4.g3 Ba6 5.b3 Bb4+ 6.Bd2 Be7 7.Bg2 c6 8.O-O d5
9.Ne5 Nfd7 10.Nxd7 Nxd7 11.Qc2 Rc8 12.Bf4 O-O 13.Nd2 Bf6 14.Qb2 Re8 15.Rad1 Qe7
16.cxd5 cxd5 17.Nf3 Nc5 18.Rc1 Ne4 19.Be5 h6 20.Bxf6 Qxf6 21.Rfe1 Qe7 22.e3 Rxc1
23.Rxc1 Rc8 24.Ne5 Rxc1+ 25.Qxc1 Qb4 26.Bxe4 dxe4 27.Nc6 Qb5 28.Nxa7 Qe2
29.a3 Bd3 30.Nc8 Bc2 31.Nxb6 Bd1 32.Qc3 Bc2 33.Qc4 Qd1+ 34.Qf1 Qf3 35.b4 Bd3
36.Qe1 h5 37.Nd7 f6 38.Nc5 h4 39.h3 Be2 40.Nxe6 hxg3 41.Nf4 Ba6 42.fxg3 g5
43.Nd5 Bc4 44.Nc3 Qf5 45.Qf2 Qxh3 46.Nxe4 f5 47.Nxg5 Qg4 48.Nf3 Bd5 49.Ne1 Qe4
50.Ng2 Qb1+ 51.Kh2 Qe4 52.b5 Qg4 53.Qf4 Qh5+ 54.Nh4 Qe2+ 55.Kh3 Be4 56.g4 Qe1
57.gxf5 Qh1+ 58.Kg4 Qg1+ 59.Qg3 Qd1+ 60.Kf4+  1-0